MDQL
is popping MORE tags! Check the
thread
!
Quizzes
Events
Quiz Creation
Community
Videos
Private Events
Remove Ads
Sign In
Join for FREE
Feedback
Dark Mode
Quiz Categories
Sports
Geography
Music
Movies
Television
Just For Fun
Miscellaneous
History
Literature
Language
Science
Gaming
Entertainment
Religion
Holiday
For Kids
Quiz Lab
Recent
Popular Today
Quiz Kudos Today
Editor Picks
Curator Picks
Quizzes by...
Day
Popularity
Type
Ratings
Length
Year
Community
Subscriptions
Recent Discussions
Orange Saloon
Badges
Playlists
Quests
Create
Leaderboards
Showdown
Live 5
Trivia Bingo
Activity
Puzzle Library
Sporcle Events
Private Events
Virtual Trivia
Globe League
Become a Host
Pub Owners
SporcleCon
Opinionation
Our Games
Videos
Blog
Mobile Apps
Partnerships
Remove Ads and Go Orange
Feedback
Just For Fun
Clickable
Get the Picture
Humor
Quick Pick
Word Ladder
Missing Word
Mixed Word
Blitz
Minefield
This or That
Alphabet
Color
Typing
Sporcle
Puzzle
Word Play
Follow That Line
Logic
Just For Fun
Clickable
Get the Picture
Humor
Quick Pick
Word Ladder
Missing Word
Mixed Word
Blitz
Minefield
This or That
Alphabet
Color
Typing
Sporcle
Puzzle
Word Play
Follow That Line
Logic
Random Quiz
Search Sporcle
×
Quiz Lab
Quiz Lab
Just For Fun
Country
Type in answers that appear in a list
Type in answers that appear in a list
Classic
Best Score? Go Orange.
Main country with these shops Stats
Can you name the main country with these shops?
By
JT007
6m
11 Questions
178 Plays
178 Plays
178 Plays
Comments
Comments
Give Quiz Kudos
Give Quiz Kudos
-
- Ratings
hide this ad
Forced Order
Answers have to be entered in order
Answers have to be entered in order
Random Order
Randomize order of answers
Randomize order of answers
Replay
Link that replays current quiz
Next Quiz
Link to next quiz in quiz playlist
You Got
0%
They Got
Avg Score
72%
Avg Friend Score
Upgrade to see
Score Distribution
Jump to the score distribution portion of the page
Score
0/11
Timer
06:00
0
Plays Today
The shop
% Correct
Nintendo
Japan
93.3%
Subway
USA
88.2%
Taco Bell
USA
86.5%
Ikea
Sweden
84.8%
Marks and Spencer
UK
79.8%
Fiat
Italy
76.4%
Morrisons
UK
74.7%
Carphone Warehouse
UK
68%
Lidl
Germany
61.2%
Aldi
Germany
59%
La Senza
Canada
28.7%
Quiz Playlist
Details
Report
Send in Message
Add To Playlist
Classic:
Type in answers that appear in a list
Forced Order:
Answers have to be entered in order
Random Order:
Randomize order of answers
Last Updated: Feb 16, 2017
Quiz Scoreboard
CHALLENGE
Sign Up to Join the Scoreboard
Show All
Scores
Hide
Comments
May contain spoilers
Recently Published
Famous 'C' Women
by xyz_
Entertainment
6m
Holiday 10x10 Sorting Gallery
by lukepisani3
Holiday
15m
Two Season TV Shows II
by 123Four
Television
10m
More to Explore
Quiz From the Vault
Featured Blog Post
14 Easter Pick-up Lines to Find Eggs With
hide this ad
You Might Also Like...
Tags
Country Quiz
shop
Today's Top Quizzes in Just For Fun
Browse Just For Fun
hide this ad
Today's Top Quizzes in Country
Browse Country
Top Contributed Quizzes in Just For Fun
1
Eurovision 2024 Countries Logic Puzzle
2
Name Just One - 10 to 1: Just For Fun
3
Missing Word: 2-Letter A-Z II
4
Missing Word: 'Of' Things A-Z
5
Missing Letter Whitney Houston Songs
6
Avatar the Last Airbender: Logic Puzzle
7
Survivor Winners Logic Puzzle
8
Missing Word: 'Of' Things A-Z II
9
Killer Double Trees 224 - Colour Match-Up
10
Missing Word: TV Shows in TV Shows
Explore More
Trending Topics
Harry Potter
Marvel
Anime
Crossword
Disney
Kpop
NBA
Puzzle
Country
WWE
Pokémon
Song
The Office
NFL
Soccer
hide this ad
More By:
JT007
Quiz
Plays
Rating
Category
Featured
Created
'N' Countries
279,824
4.49
Geography
Feb 1, 2010
Mixed Word: Countries to Capital
53,915
4.26
Just For Fun
Mar 1, 2010
can you name the car by manufacturer 2
1,569
1.67
Just For Fun
Nov 6, 2009
Countries that these cars were first built
946
3.00
Just For Fun
Nov 8, 2009
Car manufacturers
899
4.50
Just For Fun
Nov 21, 2009
Go to Creator's Profile
Score Distribution
Quiz Creator Spotlight
JT007
Follow
Send a Message
Quizzes Created
-
Created Quiz Play Count
-
More By This Creator
Popular Quizzes Today
1
Find the US States - No Outlines Minefield
2
Colored Red Africa Blitz
3
Find the 'City' Movie
4
The Countries of the World
5
Find the US States
6
5x2 Blitz: Bands
7
Find the Countries of Europe - No Outlines Minefield
8
US States
More Just For Fun Quizzes
Missing Word: Countries
Published
Trending Quizzes
Colored Red Europe Blitz I
Colored Red Europe Blitz II
Colored Red Africa Blitz II
Colored Red Africa Blitz III
Colored Red Europe Blitz III
Recently Updated
Odd Team Out - Big 4 Players
pecheneg
Quick Pick: 20 Twenties
pecheneg
March Madness Men's Triple Doubles
pecheneg
How Do You Spell That?
pecheneg
Godzilla Movies
pecheneg
Grab Bag: 4-10 Letters
pecheneg
2024 March Madness Bracket
pecheneg
Famous TV Couples
Peacemaker
Champions League XIs: Real Madrid
pecheneg
Largest US Cities 1790-2010
pecheneg
Trending Topics
Disney
Marvel
Crossword
Anime
Kpop
NBA
Harry Potter
NFL
The Office
Puzzle
Pokémon
Song
Soccer
WWE
Country
Your Account Isn't Verified!
In order to create a playlist on Sporcle, you need to verify the email address you used during registration. Go to your
Sporcle Settings
to finish the process.
Report this User
Report this user for behavior that violates our
Community Guidelines
.
Details:
Send Report
Go to the Sporcle.com Mobile Site →
Comments